000 00550nam a2200217Ia 4500
003 OSt
005 20221007082956.0
006 a|||||r|||| 00| 0
007 ta
008 221006b |||||||| |||| 00| 0 eng d
024 _a44,566
037 _cDissertations
040 _aFLL
_cFLL
_beng
041 _2eng
_aeng
100 _aJUHI
_9699966
245 0 _aSexual harassment of women at workplace in India
_b An analytical study
260 _c2017
300 _a124p.
_ccm.
942 _cDIS
_2CC
999 _c1168359
_d1168359